Resource mobilization versus the mobilization of people: Why consensus movements cannot be instruments of social change /
Toda caracterización de los movimientos consensuados contienen implícita o explícitamente contrastes con respecto a los movimientos conflictivos los cuales se dirijen al cambio de la estructura social. Este capítulo se focaliza en la comparación de dichos movimientos y analiza qué tan éxitosamente l...
Đã lưu trong:
| Tác giả chính: | |
|---|---|
| Tác giả khác: | |
| Định dạng: | Texto |
| Những chủ đề: | |
| Các nhãn: |
Thêm thẻ
Không có thẻ, Là người đầu tiên thẻ bản ghi này!
|
MARC
| LEADER | 00000 a a2200000 04500 | ||
|---|---|---|---|
| 001 | 40009 | ||
| 003 | |||
| 040 | |||
| 100 | |a Schwartz, Michael | ||
| 245 | |a Resource mobilization versus the mobilization of people: |b Why consensus movements cannot be instruments of social change / |c Michael Schwartz ; Paul Shuva | ||
| 500 | |a Colección Cambio Social donada por Paul Almeida | ||
| 520 | |a Toda caracterización de los movimientos consensuados contienen implícita o explícitamente contrastes con respecto a los movimientos conflictivos los cuales se dirijen al cambio de la estructura social. Este capítulo se focaliza en la comparación de dichos movimientos y analiza qué tan éxitosamente los movimientos consensuados se movilizan para el cambio social | ||
| 590 | |a RRA/AGOSTO2010 | ||
| 650 | |a 1.MOVIMIENTOS SOCIALES | ||
| 650 | |a 2.CAMBIO SOCIAL | ||
| 700 | |a Shuva, Paul | ||
| 773 | |g páginas 205-223 | ||
| 999 | |c 28603 |d 28603 | ||
